Detalles MARC
| 000 -LEADER |
| campo de control de longitud fija |
02431cam a22004334a 4500 |
| 003 - IDENTIFICADOR DE NÚMERO DE CONTROL |
| campo de control |
PE-LiUPU |
| 005 - FECHA Y HORA DE LA ÚLTIMA TRANSACCIÓN |
| campo de control |
20250731184611.0 |
| 008 - DATOS DE LONGITUD FIJA--INFORMACIÓN GENERAL |
| campo de control de longitud fija |
080528s2007 pe a b 000 0 spa |
| 020 ## - NÚMERO INTERNACIONAL ESTÁNDAR DEL LIBRO |
| Número Internacional Estándar del Libro |
9786124466076 |
| 040 ## - FUENTE DE CATALOGACIÓN |
| Centro catalogador/agencia de origen |
PE-LiUPU |
| Centro/agencia transcriptor |
PE-LiUPU |
| Lengua de catalogación |
spa |
| Centro/agencia modificador |
PE-LiUPU |
| Normas de descripción |
rda |
| 043 ## - CÓDIGO DE ÁREA GEOGRÁFICA |
| Código de área geográfica |
s-pe--- |
| 082 ## - NÚMERO DE LA CLASIFICACIÓN DECIMAL DEWEY |
| Número de edición |
23 |
| Número de clasificación |
985.34 |
| Cutter |
M672c |
| 245 ## - MENCIÓN DEL TÍTULO |
| Título |
ILO: 50 años creando futuro : |
| Resto del título |
1970-2020 / |
| Mención de responsabilidad, etc. |
Universidad Nacional de Moquegua |
| 250 ## - MENCION DE EDICION |
| Mención de edición |
Primera edición |
| 264 ## - PRODUCCIÓN, PUBLICACIÓN, DISTRIBUCIÓN, FABRICACIÓN Y COPYRIGHT |
| Producción, publicación, distribución, fabricación y copyright |
Moquegua : |
| Nombre del de productor, editor, distribuidor, fabricante |
Universidad Nacional de Moquegua, |
| Fecha de producción, publicación, distribución, fabricación o copyright |
2020. |
| 300 ## - DESCRIPCIÓN FÍSICA |
| Extensión |
563 páginas : |
| Otras características físicas |
ilustrado, cuadros, fotos ; |
| Dimensiones |
24 centímetros. |
| 504 ## - NOTA DE BIBLIOGRAFÍA, ETC. |
| Nota de bibliografía, etc. |
Bibliografía al final de algunos capítulos. |
| 505 ## - NOTA DE CONTENIDO CON FORMATO |
| Nota de contenido con formato |
Ilo: cincuenta años de consolidación -- La provincia de Ilo -- Apuntes sobre la historia de Ilo -- Retazos de la historia de Ilo: 1970-2020 -- Ilo: Pasado y futuro -- Breve historia económica de Ilo -- La refinería de cobre de Ilo: ¡Inicios y recuerdos! -- La integración latinoamericana -- Proyecto Ilo, perspectivas y desarrollo -- Participación, gestión urbano-ambiental, y desarrollo urbano de Ilo 1981-2001 -- Factores claves del desarrollo local de Ilo -- Impacto ambiental en el puerto de Ilo -- El algarrobal: cómo poner en valor social el patrimonio cultural y natural para el desarrollo territorial -- Evolución de la población de la provincia de Ilo: 1972-2017 -- Reflexiones, ideas y propuestas para la pospandemia en Ilo. |
| 520 ## - RESUMEN, ETC. |
| Sumario, etc. |
Se ofrecen los datos de campo recolectados durante la excavación arqueológica realizada al sur del Perú, en la quebrada Chuza (Ilo, Moquegua). Se hallaron una serie de vestigios de la cultura Chiribaya, traducidos en restos óseos, fragmentos cerámicos, restos de fogones y huellas de entierros. |
| 526 ## - NOTA DE INFORMACIÓN SOBRE EL PROGRAMA DE ESTUDIO |
| Nombre del programa |
Doctorado En Educación Con Mención En Currículo Y Docencia (A Distancia) |
| 526 ## - NOTA DE INFORMACIÓN SOBRE EL PROGRAMA DE ESTUDIO |
| Nombre del programa |
Doctorado En Educación Con Mención En Currículo Y Docencia (Semipresencial) |
| 526 ## - NOTA DE INFORMACIÓN SOBRE EL PROGRAMA DE ESTUDIO |
| Nombre del programa |
Doctorado En Educación Con Mención En Gestión Educativa (A Distancia) |
| 526 ## - NOTA DE INFORMACIÓN SOBRE EL PROGRAMA DE ESTUDIO |
| Nombre del programa |
Doctorado En Educación Con Mención En Gestión Educativa (Semipresencial) |
| 526 ## - NOTA DE INFORMACIÓN SOBRE EL PROGRAMA DE ESTUDIO |
| Nombre del programa |
Derecho semipresencial |
| 526 ## - NOTA DE INFORMACIÓN SOBRE EL PROGRAMA DE ESTUDIO |
| Nombre del programa |
Derecho presencial |
| 526 ## - NOTA DE INFORMACIÓN SOBRE EL PROGRAMA DE ESTUDIO |
| Nombre del programa |
Maestría en teología histórica |
| 526 ## - NOTA DE INFORMACIÓN SOBRE EL PROGRAMA DE ESTUDIO |
| Nombre del programa |
Teología |
| 526 ## - NOTA DE INFORMACIÓN SOBRE EL PROGRAMA DE ESTUDIO |
| Nombre del programa |
Educación primaria |
| 526 ## - NOTA DE INFORMACIÓN SOBRE EL PROGRAMA DE ESTUDIO |
| Nombre del programa |
Educación secundaria, especialidad lingüística e inglés |
| 526 ## - NOTA DE INFORMACIÓN SOBRE EL PROGRAMA DE ESTUDIO |
| Nombre del programa |
Educación secundaria, especialidad ambiental, biología y química |
| 526 ## - NOTA DE INFORMACIÓN SOBRE EL PROGRAMA DE ESTUDIO |
| Nombre del programa |
Arquitectura |
| 651 #0 - PUNTO DE ACCESO ADICIONAL DE MATERIA--NOMBRE GEOGRÁFICO |
| Nombre geográfico |
Ilo (Perú : provincia) |
| Subdivisión general |
Descripciones y viajes |
| 9 (RLIN) |
1012 |
| 651 #0 - PUNTO DE ACCESO ADICIONAL DE MATERIA--NOMBRE GEOGRÁFICO |
| Nombre geográfico |
Ilo (Perú : provincia) |
| Subdivisión general |
Historia |
| 9 (RLIN) |
1012 |
| 651 #0 - PUNTO DE ACCESO ADICIONAL DE MATERIA--NOMBRE GEOGRÁFICO |
| Nombre geográfico |
Ilo (Perú : provincia) |
| Subdivisión general |
Condiciones sociales |
| 9 (RLIN) |
1012 |
| 700 1# - ENTRADA AGREGADA--NOMBRE PERSONAL |
| Nombre de persona |
Umire, Adán. |
| 942 ## - ELEMENTOS DE ENTRADA SECUNDARIOS (KOHA) |
| Fuente del sistema de clasificación o colocación |
Clasificación Decimal Dewey |
| Tipo de ítem Koha |
Libros físicos |
| Suprimir en OPAC |
No |
| 980 ## - EQUIVALENCIA O REFERENCIA-CRUZADA-MENCIÓN DE SERIE--NOMBRE DE PERSONA/TÍTULO [LOCAL, CANADÁ] |
| ID del usuario creador del registro |
18226 |
| Nombre del creador del registro |
Jaime Vilcazán Jefe de Análisis Documental |
| ID del último usuario que modificó el registro |
1 |
| Nombre del último usuario que modificó el registro |
ALBERTO SANCHEZ Responsable de Automatización |